00678cam a2200217 a 450000100060000000300080000600500170001400800410003103500190007204000240009104100080011508200220012310000440014524500640018925000120025326000480026530000270031350400360034065000230037674000610039945112BD-RjUL20211209053951.0160723s1966 nyua b 001 0 eng  a(BD-RjUL)45230 aDLCcCarPdDLCbeng aeng 223a190bPRG 19661 aProsch, Harryd1917- [from old catalog]14aThe genesis of twentieth century philosophy /cHarry Prosch a1st ed. aLondon :bGeorge Allen and Unwin Ltd,c1966 a418 p. :c22 cm.bill. aincludes Bibliography and index 0aPhilosophy, modern0 aThe evolution of thought from Copernicus to the present.